Statistics for Every James Blunt song that hit the Billboard hot 100

Click here to take the quiz!

General Stats

  • This quiz has been taken 26 times
  • The average score is 3 of 5

Answer Stats

Peak Chart PositionYearSong% Correct
12006You're Beautiful
100%
662006Goodbye My Lover
72%
7320071973
72%
1002006High
52%
942011Stay The Night
40%

Score Distribution

Percentile by Number Answered

Percent of People with Each Score

Your Score History

You have not taken this quiz